000 00402nam a22001577a 4500
999 _c8024
_d8022
005 20220616151056.0
008 220616b ||||| |||| 00| 0 eng d
020 _a97815-43345-17-6
041 _aeng
100 _aAHIRRAO, DR. R.A. AND OTHERS
_97319
245 _aNEW APPROACH TO PHARMACY LAW AND ETHICS
260 _bS.VIKAS AND OTHERS
300 _a173;P
650 _aPHARMACY
_97320
942 _cBK